000 00649nam a2200229Ia 4500
003 GCL
008 140319s9999 xx 000 0 ara d
040 _aGCL /
_cGCL
082 0 4 _a811.5
_bك د
100 1 _aكرم البستانى
245 1 0 _aديوان المعتز /
_cكرم البستانى
260 _a[S.N] :
_bدار صادر
300 _a523 ص
490 _a
650 0 4 _aالشعر العربى
650 0 4 _aالادب العربى
650 0 4 _aدواوين وقصائد
650 0 4 _aالدولة العباسية الثانية
650 0 4 _aتاريخ ونقد
650 0 4 _aالمجموعات
942 _2ddc
_cBK
999 _c30894
_d30894